Pays et monuments n°4 - Statistiques

Statistiques générales
  • Ce quiz a été pris 73 fois
  • Le résultat moyen est 4 sur 15
Statistiques - réponses
Par images Réponse % Correct
Château de Chambord, France
99%
Cathedral de Granada, Espagne
67%
Pagode Sule, Birmanie
51%
Glacier Perito Moreno, Argentine
46%
Thermes Széchenyi, Hongrie
37%
Fort de Santa Cruz da Barra, Brésil
30%
Mont des oliviers, Israël
25%
Paoay Church, Philippines
12%
Bayterek , Kazakhstan
10%
Fuerte de San Miguel, Uruguay
6%
Twyfelfontein, Namibie
4%
Forteresse de Belgrade, Serbie
3%
Sultan Omar Ali Saifuddin Mosque, Brunei
3%
Fort de Cape Coast, Ghana
1%
Neuvième fort, Lituanie
1%
Aucun quiz correspondant
Distribution des résultats
% des personnes avec chaque résultat
Percentile par nombre de réponses
Votre historique - résultats
Vous n’avez pas pris ce quiz